คิดและทำงานแบบ บิลล์ เกตส์ (ระเบียนเลขที่ 61992)
| 000 -LEADER | |
|---|---|
| fixed length control field | 01009nam a22002417a 4500 |
| 005 - DATE AND TIME OF LATEST TRANSACTION | |
| control field | 20210325204843.0 |
| 008 - FIXED-LENGTH DATA ELEMENTS--GENERAL INFORMATION | |
| fixed length control field | s2553 th tha d |
| 020 ## - INTERNATIONAL STANDARD BOOK NUMBER | |
| International Standard Book Number | 9786167359052 |
| 041 ## - LANGUAGE CODE | |
| Language code of text/sound track or separate title | tha |
| 050 ## - LIBRARY OF CONGRESS CALL NUMBER | |
| Classification number | HF5386 ด884ค 2553 |
| 100 0# - MAIN ENTRY--PERSONAL NAME | |
| Personal name | เดียร์เลิฟ, เคส |
| 245 10 - TITLE STATEMENT | |
| Title | คิดและทำงานแบบ บิลล์ เกตส์ |
| 260 3# - PUBLICATION, DISTRIBUTION, ETC. | |
| Place of publication, distribution, etc. | กรุงเทพฯ : |
| Name of publisher, distributor, etc. | เอเอสทีวีผู้จัดการ, |
| Date of publication, distribution, etc. | 2553 |
| 300 ## - PHYSICAL DESCRIPTION | |
| Extent | 190 หน้า ; |
| Other physical details | 21 ซม. |
| 650 04 - SUBJECT ADDED ENTRY--TOPICAL TERM | |
| Topical term or geographic name entry element | ความสำเร็จทางธุรกิจ |
| 650 04 - SUBJECT ADDED ENTRY--TOPICAL TERM | |
| Topical term or geographic name entry element | ผู้บริหาร -- สหรัฐอเมริกา |
| 650 04 - SUBJECT ADDED ENTRY--TOPICAL TERM | |
| Topical term or geographic name entry element | เกตส์, บิล, ค.ศ. 1955-- |
| 850 ## - HOLDING INSTITUTION | |
| Holding institution | NALT |
| 942 ## - ADDED ENTRY ELEMENTS (KOHA) | |
| Koha item type | General Book |
| Koha issues (borrowed), all copies | 1 |
| 997 ## - | |
| -- | 37580 ฉ.1 /37581 ฉ.2 |
| 997 ## - | |
| -- | 000000000061992 |
| 998 ## - LOCAL CONTROL INFORMATION (RLIN) | |
| -- | นางสาวชัชฎา จูฑะรักษ์ |
| Withdrawn status | Lost status | Damaged status | Not for loan | Collection code | Home library | Current library | Source of acquisition | Cost, normal purchase price | Total Checkouts | Full call number | Barcode | Date last seen | Date last checked out | Copy number | Cost, replacement price | Price effective from | Koha item type |
|---|---|---|---|---|---|---|---|---|---|---|---|---|---|---|---|---|---|
| General Book collection | National Assembly Library of Thailand | National Assembly Library of Thailand | จัดซื้อทรัพยากร | 160.00 | 1 | HF 5386 ด884ค 2553 | 3961183340 | 27/06/2018 | 21/06/2018 | ฉ. 2 | 210.00 | 09/06/2017 | General Book | ||||
| General Book collection | National Assembly Library of Thailand | National Assembly Library of Thailand | จัดซื้อทรัพยากร | 160.00 | HF 5386 ด884ค 2553 | 3961183339 | 09/06/2017 | ฉ. 1 | 210.00 | 09/06/2017 | General Book |
